Vui chơi để học tiếng Pháp /

Sparad:
Bibliografiska uppgifter
Huvudupphovsman: Hoàng, Hạnh
Övriga upphovsmän: Thủy Tiên
Materialtyp: Bok
Publicerad: Thanh niên, 2004.
Ämnen:
Taggar: Lägg till en tagg
Inga taggar, Lägg till första taggen!
Thư viện lưu trữ: Mạng thư viện Đại học Đà Nẵng
LEADER 00908nam a22002771a 4500
001 000036426
003 12721
005 20220114155727.0
008 160408s2004 000
020 |a 30000 
082 |a 448  |b HO-H 
100 |a Hoàng, Hạnh 
245 0 |a Vui chơi để học tiếng Pháp /  |c Hoàng Hạnh; Thủy Tiên. 
260 |b Thanh niên,  |c 2004. 
300 |a 282tr. : ;  |c 20cm. 
653 |a học tiếng Pháp  |a tiếng Pháp 
700 |a Thủy Tiên 
OWN |a LNN 
AVA |a UDN50  |b LNN  |c French  |d 448HO-H  |e available  |t Error 5001 Not defined in file expand_doc_bib_avail.  |f 3  |g 0  |h N  |i 1  |j PN 
999 |a From the UDN01 
AVA |a UDN50  |b LNN  |c French  |d 448HO-H  |e available  |t Error 5001 Not defined in file expand_doc_bib_avail.  |f 3  |g 0  |h N  |i 1  |j PN 
TYP |a Monograph 
980 |a Mạng thư viện Đại học Đà Nẵng